MARC

LEADER 00000nab a2200000 a 4500
001 8160
003 AGDB
005 20260324195725.0
008 160829s9999 xx 000 0 cat d
040 |a agdb  |b cat 
245 |a Les Finances municipals en transició (1978-1983) /   |c Centre d'Estudis de Planificació 
260 |a Barcelona :   |b Diputació de Barcelona ;   |c 1983 
300 |a 48 pàgs. ;   |b il. col. ;   |c 28 cm 
490 |a Arrel : revista editada per la Diputació de Barcelona ;   |v Núm. 5 (abril-setembre, 1983) ; pàgs. 45-91  |x 0211-562X 
590 |a Conté: Annex estadístic, pàg. 79-87, Índex de tots els diagrames i quadres estadístics continguts en aquest número 5 de la revista, pàg. 88-91, Índex dels mapes municipals i comarcals de la circumscripció de Barcelona, pàg. 92.  
590 |a Els mapes, impressos a part, es troben a FU-1-21 
650 0 |a Municipis  |x Govern i administració  |z Catalunya   |9 40824 
650 |a Finances municipals  |x Catalunya  |x 1978-1983  |9 40825 
856 4 |u https://media.diba.cat/diba/fitxers/arxiu/hemeroteca/arrel/8160/bib_8160_1981_1984_n05_a04_baixa.pdf  |y Accés lliure 
856 4 |u https://media.diba.cat/diba/fitxers/arxiu/hemeroteca/arrel/8160/bib_8160_1981_1984_n05_a04_baixa.pdf  |y bib_8160_1981_1984_n05_a04_baixa.pdf 
856 |u https://bibliotecageneral.diba.cat/cgi-bin/koha/opac-retrieve-file.pl?id=43bd8d4a87fc61337338aa4513c8448a  |y Accés lliure 
900 |a bib_8160_1981_1984_n05_a04_baixa.pdf 
901 |a Arxiu 
942 |n 1  |2 udc  |c ART 
952 |0 0  |1 0  |4 0  |6 REV93  |7 1  |9 49921  |a Arxiu  |b Arxiu  |d 2016-12-01  |o Rev-93  |r 2016-12-01 00:00:00  |w 2016-12-01  |y ARXIU 
999 |c 53763  |d 53763